[Event "Ambalangoda Dhamso op 2nd"]
[Site "Ambalangoda"]
[Date "2012.04.21"]
[Round "5"]
[White "Guruge, Nalaka Neranjan"]
[Black "Mendis, WG Chinthaka"]
[Result "0-1"]
[WhiteElo "1638"]
[BlackElo "1934"]
[PlyCount "100"]
[EventDate "2012.04.19"]
[EventType "swiss"]
[EventRounds "9"]
[EventCountry "SRI"]
[SourceTitle "CBM 148 Extra"]
[Source "ChessBase"]
[SourceDate "2012.06.22"]
[SourceVersion "1"]
[SourceVersionDate "2012.06.22"]
[SourceQuality "1"]

1. e4 c5 2. Nf3 d6 3. h3 Nf6 4. Nc3 a6 5. d4 cxd4 6. Nxd4 e6 7. Nf3 Nbd7 8. Bg5 Qc7 9. Bd3 Be7 10. 0-0 b5 11. a3 Bb7 12. Re1 h6 13. Bh4 0-0 14. Bg3 Ne5 15. Nxe5 dxe5 16. Qe2 Rfd8 17. Rac1 Rac8 18. Nd1 Rd4 19. c3 Rd7 20. f3 Rcd8 21. Nf2 Bc5 22. Rcd1 Nh5 23. Bh2 Nf4 24. Bxf4 exf4 25. Bc2 Be3 26. Rxd7 Rxd7 27. Rd1 Qd8 28. Rxd7 Qxd7 29. Kf1 Qd2 30. Qxd2 Bxd2 31. Ke2 Be3 32. Nd3 g5 33. a4 h5 34. g4 hxg4 35. hxg4 Kf8 36. b3 Ke7 37. axb5 axb5 38. c4 bxc4 39. bxc4 Bc8 40. Ba4 Kd6 41. Kd1 f5 42. gxf5 exf5 43. e5+ Ke6 44. Bc6 g4 45. Bd5+ Ke7 46. fxg4 fxg4 47. Ke2 Be6 48. Nf2 g3 49. Bxe6 Kxe6 50. Ng4 g2 0-1